| 000 | 00408cas7a220015700 4500 | ||
|---|---|---|---|
| 001 | zam00004984 | ||
| 008 | 951212n xx eng u | ||
| 035 | _a(Sirsi) r22216 | ||
| 035 | _a(MACHINE)01879 | ||
| 245 | 0 | 0 | _aIDRC proceeding series. |
| 260 |
_aOttawa : _bIDC. |
||
| 310 | _aIrregular. | ||
| 780 | _aSee main catalogue. | ||
| 949 |
_aCAT _wlcc _i-21508 _mMAIN _p000 _tBOOK _lON-SHELF |
||
| 004 | 22216 | ||
| 999 |
_c180620 _d180620 |
||